Bilecik Bilecik Bilecik Bilecik Bilecik

Davranış bilimleri için bilimsel araştırma süreci/ (Record no. 67832)

MARC details
000 -BAŞLIK
Sabit Uzunluktaki Kontrol Alanı 01040nam a22003377a 4500
001 - KONTROL NUMARASI
Control Dosyası 0067284
003 - KONTROL NUMARASI KİMLİĞİ
Kontrol Alanı KOHA_MİRAKIL
005 - EN SON İŞLEM TARİHİ ve ZAMANI
Kontrol Alanı 20260207004713.0
007 - FİZİKSEL TANIM SABİT ALAN - GENEL BİLGİ
Sabit uzunluklu kontrol alanı ta
008 - SABİT UZUNLUKTAKİ VERİ ÖGELERİ - GENEL BİLGİ
Sabit Alan 220609b2009 tu a|||gr||||#0|||0|tur |
020 ## - ISBN - ULUSLARARASI STANDART KİTAP NUMARASI
Isbn 9789750210808
040 ## - KATALOGLAMA KAYNAĞI
Özgün Kataloglama Kurumu TR-BiSEU
Kataloglama Dili tur
Çeviri Kurumu TR-BiSEU
Açıklama Kuralları rda
041 0# - DİL KODU
Metin ya da ses kaydının dil kodu tur
044 ## - YAYINLAYAN/ÜRETEN KURULUŞUN ÜLKE KODU
ISO country code tu
050 ## - SINIFLAMA ve YER NUMARASI
Sınıflama Numarası Q180.55.M4
Yer Numarası E75 2009
100 1# - KİŞİ ADI
Yazar Adı (Kişi adı) Erkuş, Adnan.
245 1# - ESER ADI BİLDİRİMİ
Başlık Davranış bilimleri için bilimsel araştırma süreci/
Sorumluluk Bildirimi Adnan Erkuş ; Adnan Erkuş.
250 ## - BASIM BİLDİRİMİ
Basım Bildirimi 2. başka
264 #1 - ÜRERİM, YAYIN, DAĞITIM ve TELİF BİLDİRİMİ
Yayın yeri Ankara :
Yayınlayan Seçkin Yayıncılık
Yayın tarihi 2009
300 ## - FİZİKSEL TANIMLAMA
Sayfa, Cilt vb. 221 sayfa :
Diğer fiziki detaylar resimli 24 cm.
336 ## - İÇERİK TÜRÜ
Content type term metin
Content type code txt
Source rdacontent
337 ## - MEDYA TÜRÜ
Media type term aracısız
Media type code n
Source rdamedia
338 ## - TAŞIYICI TÜRÜ
Carrier type term cilt
Carrier type code nc
Source rdacarrier
490 1# - DİZİ BİLDİRİMİ
Dizi Bildirimi Araştırma Yöntemler Dizisi ;
Cilt Numarası 5
500 ## - GENEL NOT
Genel Not Dizin var.
650 #0 - KONU BAŞLIĞI EK GİRİŞ - KONU TERİMİ
Konusal terim veya coğrafi ad Makine programcılığı--Kılavuzlar.
9 (RLIN) 1472
650 #0 - KONU BAŞLIĞI EK GİRİŞ - KONU TERİMİ
Konusal terim veya coğrafi ad Paket programlar--SolidWorks Kılavuzlar.
9 (RLIN) 1473
830 1# - SERİ EK GİRİŞİ - TEKBİÇİM ESER ADI
Tekbiçim Başlık Araştırma Yöntemler Dizisi ;
Volume number/sequential designation 5
9 (RLIN) 127810
907 ## - LOCAL DATA ELEMENT G, LDG (RLIN)
a Bilim
942 ## - EK GİRİŞ ÖGELERİ (KOHA)
Source of classification or shelving scheme Library of Congress Classification
Koha item type Book
Holdings
Materyal Türü Kalıcı Konum Mevcut Konum Raf Yeri Sınıflandırma Kaynağı Edinim Bilgisi Ana Konular Alt Konular Yer Numarası Demirbaş Numarası Fatura Tarihi Geri Çekilme Durumu Kayıp Durumu Hasarlı Durumu Kredi için değil Kayıt Tarih Toplam Ödünçverme Son Görülme Tarihi Son Kontrol Tarihi Genel / Bağış Notu
Book Prof. Dr. Azmi Özcan Kütüphanesi Prof. Dr. Azmi Özcan Kütüphanesi Birûni Salonu Library of Congress Classification Bağış BİLİM Bilim (Genel) Q180.55.M4 E75 2009 0067284 02/02/2026         09/06/2022 1 05/03/2025 05/03/2025 Genel Bağış